Historia de la pedagogía

Saved in:
Bibliografiske detaljer
Main Authors: Abbagnano, Nicolás (Author), Visalberghi, A (Author)
Format: Bog
Sprog:spansk
Udgivet: Ciudad de México Fondo de Cultura Económica 1964
Serier:Sección de Obras de Filosofía
Fag:
Tags: Tilføj Tag
Ingen Tags, Vær først til at tagge denne postø!

MARC

LEADER 00000nam a2200000 a 4500
001 UCZ6488
003 CL-VaPUC
008 951211e19640000MX |||||||||||||||||spa|d
082 0 4 |a 370.9  |b ABB  |2 21 
100 |a Abbagnano, Nicolás  |e author  |9 339031 
700 0 |a Visalberghi, A  |e author  |9 350822 
245 1 0 |a Historia de la pedagogía 
300 |a 709 p 
942 |c BK 
945 |d 19951211 00:00:00  |a cmena 
260 |a Ciudad de México  |b Fondo de Cultura Económica  |c 1964 
650 0 |a Historia de la educación   |9 257642 
650 0 |a Edad media  |9 258041 
650 0 |a Filosofía de la educación   |9 258384 
650 0 |a Renacimiento  |9 255107 
650 7 |a DESARROLLO DE LA EDUCACION  |2 CL-VaPUC  |9 350823 
583 |a last modification  |c 20170925 04:36:16  |k Rodrigo Vera 
490 0 |a Sección de Obras de Filosofía 
999 |c 242687  |d 242685 
952 |0 0  |1 0  |4 0  |6 370_900000000000000_ABB_1964  |7 0  |8 P  |9 255801  |a BIBEDU  |b BIBEDU  |c BIBEDU_PB  |d 2019-11-19  |i 160306K  |o 370.9 ABB 1964  |p 160306K  |r 2024-01-25  |w 2019-11-19  |y BK  |k EDU 
952 |0 0  |1 0  |4 0  |6 370_900000000000000_ABB_1964  |7 0  |8 P  |9 255802  |a BIBEDU  |b BIBEDU  |c BIBEDU_PB  |d 2019-11-19  |i 467670K  |o 370.9 ABB 1964  |p 467670K  |r 2024-01-25  |w 2019-11-19  |y BK  |k EBA